000 00251nam a2200097Ia 4500
008 241105s9999 xx 000 0 und d
041 _aeng
100 _aPalve Aishwarya.
245 _aMixed Use Highrise Development Mumbai.
260 _bBNCA, Pune
_c2019
999 _c361848
_d361848